Экспериментальная проверка теоретических решений задачи о выдавливании; Известия Томского политехнического института [Известия ТПИ]; Т. 200 : Электрические машины
| Parent link: | Известия Томского политехнического института [Известия ТПИ]/ Томский политехнический институт (ТПИ).— , 1944-1976 Т. 200 : Электрические машины.— 1974.— [С. 126-130] |
|---|---|
| Autor principal: | |
| Altres autors: | |
| Sumari: | Заглавие с титульного листа Электронная версия печатной публикации В статье проводится проверка теоретических решений осесимметричных задач, в основу которых положено предположение А. Хаара и Т. Кармана о "полной пластичности". С целью проверки указанного предположения выполнены исследования напряженного состояния в установившихся процессах прямого холодного выдавливания прутков через прямоугольную матрицу. Напряженное состояние определяли экспериментально-расчетным методом, заключающимся в сочетании методов измерения твердости деформированного металла и делительных сеток. |
| Idioma: | rus |
| Publicat: |
1974
|
| Matèries: | |
| Accés en línia: | Черно-белая версия для предварительного просмотра Цветная версия без потери качества |
| Format: | MixedMaterials Electrònic Capítol de llibre |
| KOHA link: | https://koha.lib.tpu.ru/cgi-bin/koha/opac-detail.pl?biblionumber=223798 |
MARC
| LEADER | 00000nla2a2200000 4500 | ||
|---|---|---|---|
| 001 | 223798 | ||
| 005 | 20231031200306.0 | ||
| 035 | |a (RuTPU)RU\TPU\book\244067 | ||
| 035 | |a RU\TPU\book\244065 | ||
| 090 | |a 223798 | ||
| 100 | |a 20121016d1974 k y0rusy50 ca | ||
| 101 | 0 | |a rus | |
| 102 | |a RU | ||
| 135 | |a drnn ---uucaa | ||
| 181 | 0 | |a i | |
| 182 | 0 | |a b | |
| 200 | 1 | |a Экспериментальная проверка теоретических решений задачи о выдавливании |b Электронный ресурс |f Д. П. Снегирев, В. В. Исаев | |
| 203 | |a Текст |c электронный | ||
| 215 | |a 2 файла (239 Кб, 7.1 Мб) | ||
| 230 | |a Электронные текстовые данные (2 файла : 239 Кб, 7.1 Мб) | ||
| 300 | |a Заглавие с титульного листа | ||
| 300 | |a Электронная версия печатной публикации | ||
| 320 | |a [Библиогр.: с. 130 (5 назв.)] | ||
| 330 | |a В статье проводится проверка теоретических решений осесимметричных задач, в основу которых положено предположение А. Хаара и Т. Кармана о "полной пластичности". С целью проверки указанного предположения выполнены исследования напряженного состояния в установившихся процессах прямого холодного выдавливания прутков через прямоугольную матрицу. Напряженное состояние определяли экспериментально-расчетным методом, заключающимся в сочетании методов измерения твердости деформированного металла и делительных сеток. | ||
| 337 | |a Adobe Reader | ||
| 461 | 1 | |0 (RuTPU)RU\TPU\book\200995 |t Известия Томского политехнического института [Известия ТПИ] |f Томский политехнический институт (ТПИ) |d 1944-1976 | |
| 463 | 1 | |0 (RuTPU)RU\TPU\book\243855 |t Т. 200 : Электрические машины |v [С. 126-130] |d 1974 |p 136 с. | |
| 610 | 1 | |a электронный ресурс | |
| 610 | 1 | |a труды учёных ТПУ | |
| 700 | 1 | |a Снегирев |b Д. П. | |
| 701 | 1 | |a Исаев |b В. В. | |
| 801 | 1 | |a RU |b 63413507 |c 20090320 |g PSBO | |
| 801 | 2 | |a RU |b 63413507 |c 20121113 |g PSBO | |
| 856 | 4 | |u http://www.lib.tpu.ru/fulltext/v/Bulletin_TPU/1974/v200/25_bw.pdf |z Черно-белая версия для предварительного просмотра | |
| 856 | 4 | |u http://www.lib.tpu.ru/fulltext/v/Bulletin_TPU/1974/v200/25_full.pdf |z Цветная версия без потери качества | |
| 942 | |c CF | ||